Biochemistry and clinical pathology (Record no. 8240)

MARC details
000 -LEADER
fixed length control field 00357nam a2200133Ia 4500
008 - FIXED-LENGTH DATA ELEMENTS--GENERAL INFORMATION
fixed length control field 191201s2018 xx 000 0 und d
082 ## - DEWEY DECIMAL CLASSIFICATION NUMBER
Classification number 572.3 MUB
100 ## - MAIN ENTRY--PERSONAL NAME
Personal name MURUGESH, N
245 #0 - TITLE STATEMENT
Title Biochemistry and clinical pathology
260 ## - PUBLICATION, DISTRIBUTION, ETC. (IMPRINT)
Name of publisher, distributor, etc Sathya pub
Place of publication, distribution, etc Madurai
Date of publication, distribution, etc 2018
300 ## - PHYSICAL DESCRIPTION
Extent 10.3
650 ## - SUBJECT ADDED ENTRY--TOPICAL TERM
Topical term or geographic name as entry element Applied Biochemistry & Clinical Chemistry
942 ## - ADDED ENTRY ELEMENTS (KOHA)
Source of classification or shelving scheme Dewey Decimal Classification
Koha item type Text Books
Holdings
Withdrawn status Lost status Source of classification or shelving scheme Damaged status Not for loan Collection code Home library Current library Date acquired Source of acquisition Cost, normal purchase price Bill Number Total Checkouts Full call number Acc. no. / Barcode Date last seen Date last borrowed Actual Cost, discounted price Bill Date Koha item type Shelving location
    Dewey Decimal Classification     Diploma in Pharmacy PIET C-LIBRARY PIET C-LIBRARY 25/03/2019 Kirti Prakashan 200.00 IN 3091 4 572.3 MUB DP171 02/06/2025 27/05/2025 150.00 12/03/2019 Text Books  
    Dewey Decimal Classification     Diploma in Pharmacy PIET C-LIBRARY PIET C-LIBRARY 25/03/2019 Kirti Prakashan 200.00 IN 3091 3 572.3 MUB DP172 16/03/2020 02/03/2020 150.00 12/03/2019 Reference Books Ref. Sec. R03
    Dewey Decimal Classification     Diploma in Pharmacy PIET C-LIBRARY PIET C-LIBRARY 25/03/2019 Kirti Prakashan 200.00 IN 3091 6 572.3 MUB DP173 17/07/2024 13/07/2024 150.00 12/03/2019 Text Books  
    Dewey Decimal Classification     Diploma in Pharmacy PIET C-LIBRARY PIET C-LIBRARY 25/03/2019 Kirti Prakashan 200.00 IN 3091 6 572.3 MUB DP174 28/06/2024 19/06/2024 150.00 12/03/2019 Text Books  

Design & Developed by: PIET Central Library
R70 Miles Stone Pattikalyana Samalkha Panipat 132102
mail ID :- [email protected], Phone No:- 0180-2569700 Ex.216